Electrician's calculations manual (Record no. 71418)
[ view plain ]
| 000 -LEADER | |
|---|---|
| fixed length control field | 01884cam a22002774a 4500 |
| 001 - CONTROL NUMBER | |
| control field | 16877055 |
| 003 - CONTROL NUMBER IDENTIFIER | |
| control field | NUST - PNEC |
| 005 - DATE AND TIME OF LATEST TRANSACTION | |
| control field | 20170116181200.0 |
| 008 - FIXED-LENGTH DATA ELEMENTS--GENERAL INFORMATION | |
| fixed length control field | 110718s2012 nyua 001 0 eng |
| 010 ## - LIBRARY OF CONGRESS CONTROL NUMBER | |
| LC control number | 2011025431 |
| 016 7# - NATIONAL BIBLIOGRAPHIC AGENCY CONTROL NUMBER | |
| Record control number | 015836405 |
| 020 ## - INTERNATIONAL STANDARD BOOK NUMBER | |
| International Standard Book Number | 9780071770163 (pbk.) |
| 020 ## - INTERNATIONAL STANDARD BOOK NUMBER | |
| International Standard Book Number | 007177016X (pbk.) |
| 040 ## - CATALOGING SOURCE | |
| Transcribing agency | LIBRARY |
| 082 00 - DEWEY DECIMAL CLASSIFICATION NUMBER | |
| Classification number | 621.3192 |
| 100 1# - MAIN ENTRY--PERSONAL NAME | |
| Personal name | Fowler, Nick. |
| 245 10 - TITLE STATEMENT | |
| Title | Electrician's calculations manual |
| Statement of responsibility, etc. | Nick Fowler |
| 250 ## - EDITION STATEMENT | |
| Edition statement | 2nd ed. |
| 260 ## - PUBLICATION, DISTRIBUTION, ETC. | |
| Place of publication, distribution, etc. | New York : |
| Name of publisher, distributor, etc. | McGraw-Hill, |
| Date of publication, distribution, etc. | c2012. |
| 300 ## - PHYSICAL DESCRIPTION | |
| Extent | x, 259 p. : |
| Other physical details | ill. ; |
| Dimensions | 23 cm. |
| 520 ## - SUMMARY, ETC. | |
| Summary, etc. | "THE ULTIMATE ON-THE-JOB COMPANION--FULLY UPDATEDThoroughly revised to reflect the 2011 National Electrical Code (NEC) and the latest industry advances, Electrician's Calculations Manual, Second Edition gives you quick access to the basic calculations needed for any given job. The book also serves as an ideal review for license preparation. End-of-chapter questions plus an end-of-book final test help reinforce the material covered. Written by a Master Electrician with more than 40 years of experience, this practical guide helps you: Find answers for both AC and DC circuits Solve problems related to motor circuits and transformers Calculate single-dwelling and multifamily loads Accurately figure requirements for commercial jobs Perform conduit-bending math Handle service entrance problems Understand the math behind electrical solutions And much more "-- |
| 520 ## - SUMMARY, ETC. | |
| Summary, etc. | "This handy book is the perfect go-to toolbox companion for quick access to the formulas and examples that electricians need to solve on-the-job problems"-- |
| 650 #0 - SUBJECT ADDED ENTRY--TOPICAL TERM | |
| Topical term or geographic name entry element | Electrical engineering |
| Form subdivision | Problems, exercises, etc. |
| General subdivision | EE / EL |
| 856 ## - ELECTRONIC LOCATION AND ACCESS | |
| Uniform Resource Identifier | <a href="http://www.amazon.com/Electricians-Calculations-Manual-Second-Fowler/dp/007177016X/ref=sr_1_1?ie=UTF8&qid=1454998440&sr=8-1&keywords=9780071770163">http://www.amazon.com/Electricians-Calculations-Manual-Second-Fowler/dp/007177016X/ref=sr_1_1?ie=UTF8&qid=1454998440&sr=8-1&keywords=9780071770163</a> |
| 942 ## - ADDED ENTRY ELEMENTS (KOHA) | |
| Source of classification or shelving scheme | |
| Koha item type | Book |
| Withdrawn status | Lost status | Source of classification or shelving scheme | Damaged status | Not for loan | Permanent Location | Current Location | Shelving location | Date acquired | Source of acquisition | Cost, normal purchase price | Total Checkouts | Full call number | Barcode | Date last seen | Cost, replacement price | Price effective from | Koha item type |
|---|---|---|---|---|---|---|---|---|---|---|---|---|---|---|---|---|---|
| Pakistan Navy Engineering College (PNEC) | Pakistan Navy Engineering College (PNEC) | 12/15/2004 | Reference Grant | 2505.43 | 621.3192 FOW | PNECLIB-032427 | 02/09/2016 | 2505.43 | 12/15/2004 | Book |
